Письмо Леонилы Урусовой (тетка) Шиллингу М. Ф. на французском яз.

Доступно только в Электронных читальных залах Найти на картеНа карте
RUSMARC
00004299nac2a22003133x 450
001f910597a-1a70-44f8-9745-7e2c5694c6fb
00520211214192104.0
100##$a20211122l1896 k y0rusy50 ca
1010#$arus
$afre
102##$aRU
105##$ay z |||||
1220#$ad18961231
2001#$aПисьмо Леонилы Урусовой (тетка) Шиллингу М. Ф. на французском яз.
$j1896
215##$a9 листов
251##$cДело
300##$aЗаголовок дела на папке: Письма Леонилы Урусовой (тетка) Шиллингу М. Ф.
300##$aНа папке дела: 5/III-1896 и без дат
300##$aЧасть текста на французском языке
300##$aЛисты: 1, 4, 7 - конверт
300##$aРукописный текст
330##$aВходит в раздел описи: Переписка
461#0$1001ff9fc58f-089b-437b-980d-902343bc59d8
$12001
$aШиллинг Маврикий Фабианович, барон, секретарь русского посольства в Вене
$1251
$cФонд
$1852
$j813
462#0$1001665c067c-d934-4316-b9df-5bf0ad49190b
$12001
$aДела постоянного хранения. 1817-1917
$vД. 585
$1251
$cОпись
$1852
$j1
5171#$aПисьма Леонилы Урусовой (тетка) Шиллингу М. Ф.
600#1$aШиллинг
$bМ. Ф.
$cбарон
$gМаврикий Фабианович
600#1$aУрусова
$bЛ.
$gЛеонила
801#0$aRU
$bGA_RF
801#1$aRU
$bГлавНИВЦ
$c20211122
$2rusmarc
801#2$aRU
$bПБ им. Б.Н. Ельцина
$c20211214
$gRCR
$2rusmarc
852##$aГА РФ
$j585
937##$d171605117
$hГАРФ
035##$aRuPRLIB51061440
856##$uhttp://readingroom.main.prlib.ru/item.aspx?id_node=n171605117&mode=full
Формат отображения